| 000 | 00940nac a22003137a 4500 | ||
|---|---|---|---|
| 001 | BR0002636 | ||
| 003 | BR-BrBNA | ||
| 005 | 20240105122415.0 | ||
| 008 | 230509b bl.|||m| |||| 00| 0 por d | ||
| 040 |
_aBR-BrBNA _bpor _cBiblioteca Nacional de Agricultura |
||
| 072 | _aE08 | ||
| 090 | _aE08 BR0002636 | ||
| 110 | 1 | _aEmpresa Paranaense de Assistencia Tecnica e Extensao Rural, Curitiba (Brasil) | |
| 245 | 1 | _aFabricacao artesanal de produtos de limpeza | |
| 250 | 1 | _a2. ed. | |
| 260 | 3 |
_aCuritiba, PR (Brasil): _c1998. |
|
| 300 | _a24 p. | ||
| 490 |
_aSerie Produtor - Empresa Paranaense de Assistencia Tecnica e Extensao Rural (Brazil) _vno. 22 _x |
||
| 500 | _a2 ref. | ||
| 650 | _aProduto | ||
| 650 | _aLimpeza | ||
| 650 | _aArtesanato | ||
| 650 | _aMateria Prima | ||
| 650 | _aEquipamento | ||
| 650 | _aDetergente | ||
| 650 | _aSabao | ||
| 909 |
_a202312 _bLúcia Elande _c55 _dLúcia Elande |
||
| 942 |
_2AGRIS _n0 _cMS |
||
| 999 |
_c290862 _d290862 |
||